| 000 | 00812nam a22001937a 4500 | ||
|---|---|---|---|
| 005 | 20260108122747.0 | ||
| 010 | _aHIN-130763 | ||
| 020 |
_c450.00 _a9789356822054 |
||
| 035 | _aHN-103109 | ||
| 037 | _bDBAD | ||
| 082 |
_a181.153 _21 |
||
| 100 |
_aमैहर चंद _986234 |
||
| 245 |
_aस्वामी विवेकानंद और डॉ. अंबेडकर / _cमैहर चंद |
||
| 250 | _a1 | ||
| 260 |
_bप्रभाकर प्रकाशन _c2023 _aदिल्ली |
||
| 270 |
_bदिल्ली _aप्लाट न.-55, मेन मदर डेरी रोड, पांडव नगर ईस्ट _e110092 _k011-40395855 _k8368220032 |
||
| 300 |
_a150पृ. _c22सेमी (सजिल्द) |
||
| 942 |
_2ddc _cHN _h181.153 _mमैहर |
||
| 999 |
_c214031 _d214031 |
||